000 00360cam a22001217a 4500
008 180718b1963 xxu||||| |||| 00| 0 eng d
082 _aT1 D732i
245 _aInstitutional economics; a series of lectures
_cby Joseph Dorfman...[et.al.]
260 _aBerkeley
_bUniv. of Calif. Press
_c1963
300 _a183p.
650 _aEconomics
700 _aDorfman, Joseph
999 _c364329
_d364329